| 000 | 00884nam a22002770a 4500 | ||
|---|---|---|---|
| 001 | PT2872 | ||
| 003 | AR-LpoUNG | ||
| 005 | 20240429104326.0 | ||
| 008 | 191001s1987||||ag |||||||||||||||||spa d | ||
| 020 |
_a9509086266 _c$21.13 |
||
| 040 |
_aAR-LpoUNG _bspa _cAR-LpoUNG _eaacr |
||
| 041 | _aspa | ||
| 044 | _aag | ||
| 082 | 0 | _a307.3 373est | |
| 100 | 1 | _aGermani, Gino | |
| 245 | 1 | 0 | _aEstructura social de la Argentina |
| 260 |
_aBuenos Aires : _bSolar, _c1987. |
||
| 300 |
_a278 p. : _btbls. |
||
| 520 | _aEste libro fue publicado en 1955, constituyendo el primer estudio empírico y análitico, rigurosamente cuantificado por métodos científicos, que abarcaba el conjunto total de la sociedad Argentina. | ||
| 650 | 4 | _aANALISIS SOCIOLOGICO | |
| 650 | 4 | _aSOCIEDAD | |
| 650 | 4 | _aSOCIOLOGIA | |
| 653 | 0 | _aPENSAMIENTO LATINOAMERICANO | |
| 905 | _a2872 | ||
| 942 |
_cLIB _2ddc |
||
| 999 |
_c6295 _d6295 |
||